5HLuxD.jpg

KING HENRY VIII SENIOR AND PRIMARY SCHOOL LIBRARY OPAC

The throne of fire (Record no. 5866)

000 -LEADER
fixed length control field 01324nam a22003497a 4500
003 - CONTROL NUMBER IDENTIFIER
control field OSt
005 - DATE AND TIME OF LATEST TRANSACTION
control field 20251120140617.0
008 - FIXED-LENGTH DATA ELEMENTS--GENERAL INFORMATION
fixed length control field 251120b ||||| |||| 00| 0 eng d
020 ## - INTERNATIONAL STANDARD BOOK NUMBER
International Standard Book Number 9781484714935
040 ## - CATALOGING SOURCE
Transcribing agency KH8
082 00 - DEWEY DECIMAL CLASSIFICATION NUMBER
Classification number 741.5 RIO
100 1# - MAIN ENTRY--PERSONAL NAME
Personal name Collar, Orpheus
245 14 - TITLE STATEMENT
Title The throne of fire
250 ## - EDITION STATEMENT
Edition statement First graphic novel edition
264 #1 - PRODUCTION, PUBLICATION, DISTRIBUTION, MANUFACTURE, AND COPYRIGHT NOTICE
Place of production, publication, distribution, manufacture Los Angeles
-- New York
Name of producer, publisher, distributor, manufacturer Disney-Hyperion
Date of production, publication, distribution, manufacture, or copyright notice 2015
300 ## - PHYSICAL DESCRIPTION
Extent 1 volume (unpaged)
Other physical details color illustrations
Dimensions 24 cm
500 ## - GENERAL NOTE
General note "Adapted from the novel The Kane Chronicles, Book Two: The Throne of Fire."
520 ## - SUMMARY, ETC.
Summary, etc. "Carter and Sadie, offspring of the brilliant Egyptologist Dr. Julius Kane, embark on a worldwide search for the Book of Ra, but the House of Life and the gods of chaos are determined to stop them"--
Assigning source Provided by publisher.
600 11 - SUBJECT ADDED ENTRY--PERSONAL NAME
Personal name Riordan, Rick.
Title of a work Throne of fire
Form subdivision Adaptations
650 #1 - SUBJECT ADDED ENTRY--TOPICAL TERM
Topical term or geographic name entry element Graphic novels
650 #1 - SUBJECT ADDED ENTRY--TOPICAL TERM
Topical term or geographic name entry element Adventure and adventurers
Form subdivision Fiction
650 #1 - SUBJECT ADDED ENTRY--TOPICAL TERM
Topical term or geographic name entry element Voyages and travels
Form subdivision Fiction
650 #1 - SUBJECT ADDED ENTRY--TOPICAL TERM
Topical term or geographic name entry element Egyptian mythology
Form subdivision Fiction
650 #1 - SUBJECT ADDED ENTRY--TOPICAL TERM
Topical term or geographic name entry element Magic
Form subdivision Fiction
650 #1 - SUBJECT ADDED ENTRY--TOPICAL TERM
Topical term or geographic name entry element Siblings
Form subdivision Fiction
655 #0 - INDEX TERM--GENRE/FORM
Genre/form data or focus term Graphic novels
700 1# - ADDED ENTRY--PERSONAL NAME
Personal name Floyd, Cam
Relator term illustrator
700 1# - ADDED ENTRY--PERSONAL NAME
Personal name Collar, Aladdin
Relator term illustrator
700 1# - ADDED ENTRY--PERSONAL NAME
Personal name Dickey, Chris
Relator term illustrator
700 1# - ADDED ENTRY--PERSONAL NAME
Personal name Riordan, Rick
Title of a work Throne of fire
942 ## - ADDED ENTRY ELEMENTS (KOHA)
Source of classification or shelving scheme
Koha item type Graphic Novel
Holdings
Withdrawn status Lost status Source of classification or shelving scheme Damaged status Not for loan Collection code Permanent Location Current Location Shelving location Date acquired Total Checkouts Full call number Barcode Date last seen Date last checked out Price effective from Koha item type Public note
          Non-Fiction KH8 Primary School Library KH8 Primary School Library Graphic Novel 2025-11-20 3 741.5 RIO KHPL000008102 2026-03-09 2026-03-02 2025-11-20 Graphic Novel PRIMARY LIBRARY

Powered By KH8 IT Dept